000 00723cam a22002533a 4500
001 1192
003 PGUSA
005 20140828082958.0
008 980201s1998||||xxu|||||s|||||000 | eng d
040 _aPGUSA
_beng
042 _adc
050 4 _aPR
100 1 _aCongreve, William,
_d1670-1729
245 1 4 _aThe Old Bachelor :
_bA Comedy
_h[electronic resource] /
_cWilliam Congreve
260 _bProject Gutenberg,
_c1998
506 _aPublic domain in the USA.
516 _aElectronic text
653 _aComedies
653 _aEnglish drama (Comedy)
700 1 _aStreet, G. S.
_q(George Slythe),
_d1867-1936
830 0 _aProject Gutenberg
_v1192
856 4 0 _uhttp://www.gutenberg.org/ebooks/1192
942 _cEB
999 _c230540
_d230540